| 000 | 01010nam a2200265 i 4500 | ||
|---|---|---|---|
| 003 | IT-RoINE | ||
| 005 | 20200715095345.0 | ||
| 008 | A10218s1984 it f |r 000|||ita|d | ||
| 020 | _a8834330013 | ||
| 040 |
_aBUS _cIT-RoINE _dIT-RoINE |
||
| 100 | 1 |
_aConte, Pietro, _d1931- _951572 |
|
| 245 | 1 | 0 |
_aRegesto delle lettere dei papi del secolo VIII : _bsaggi / _cPietro Conte. |
| 260 |
_aMilano : _bVita e Pensiero, _c1984. |
||
| 300 |
_a247 p., [4] h. de lám. pleg. ; _c23 cm. |
||
| 336 |
_2rdacontent _atext |
||
| 337 |
_2rdamedia _aunmediated |
||
| 338 |
_2rdacarrier _avolume |
||
| 490 | 1 | _aPubblicazioni dell'Università Cattolica del Sacro Cuore. | |
| 500 | _aBajo al tít.: Pubblicazioni della Università cattolica del Sacro Cuore. | ||
| 504 | _aBibliografía: p. [21]-28. | ||
| 650 | 4 |
_aPapas _xHistoria _xFuentes _933796 |
|
| 710 | 2 |
_95001 _aUniversità cattolica del Sacro Cuore (Milán, Italia) |
|
| 830 | 0 |
_951573 _aPubblicazioni dell'Università cattolica del Sacro Cuore |
|
| 942 | _cMTS | ||
| 999 |
_c26001 _d26001 |
||